[Event "Hampstead U2200 Open Aug 2013"]
[Site "Hampstead"]
[Date "2013.08.25"]
[Round "4"]
[White "Sucikova, Svetlana"]
[Black "Willmoth, Robert"]
[Result "1-0"]
[WhiteElo "1962"]
[BlackElo "2174"]
[EventRounds "6"]

1. c4 d6 2. d4 e5 3. dxe5 dxe5 4. Qxd8+ Kxd8 5. Nc3 Be6 6. e3 Nd7 7. Bd2 c6 8.
Nf3 f6 9. Be2 Kc7 10. O-O Nh6 11. Rfd1 Be7 12. Na4 Rhd8 13. b4 Nb6 14. Nb2 Nf7
15. c5 Nd7 16. Bc4 Nf8 17. Bc3 b6 18. cxb6+ axb6 19. Rxd8 Rxd8 20. Bxe6 Nxe6
21. Kf1 Ra8 22. a3 Nd6 23. Nd1 Nb5 24. Bb2 c5 25. a4 Nd6 26. Nc3 Bf8 27. Nd2
cxb4 28. Nd5+ Kb7 29. Nxb4 Nc5 30. Nd5 Rxa4 31. Rxa4 Nxa4 32. Ba3 Nc5 33. Nc3
Kc6 34. Ke2 Nb5 35. Nxb5 Kxb5 36. Bxc5 Bxc5 37. Kd3 Kb4 38. f3 b5 39. e4 Bf2
40. Kc2 Be1 41. Nf1 Ka3 42. Ne3 Ka2 43. Nd5 b4 44. Kd1 Bc3 45. Nxc3+ bxc3 46.
Kc2 h5 47. h4 Ka1 48. g4 hxg4 49. fxg4 Ka2 50. g5 fxg5 51. hxg5 g6 52. Kxc3
Kb1 53. Kc4 Kc2 54. Kd5 {#r} 1-0

[Event "Hampstead U2200 Open Aug 2013"]
[Site "Hampstead"]
[Date "2013.08.25"]
[Round "4"]
[White "Horton, Justin"]
[Black "Gupta, Arul"]
[Result "1-0"]
[WhiteElo "2090"]
[BlackElo "1781"]
[EventRounds "6"]

1. Nf3 d5 2. d4 e6 3. c4 c6 4. Qc2 f5 5. Bf4 Nf6 6. Nbd2 Bd6 7. e3 O-O 8. Be2
b6 9. O-O Bb7 10. Ne5 Qe7 11. Nd3 Nbd7 12. Bxd6 Qxd6 13. Nf3 Ne4 14. Nfe5 Nxe5
15. dxe5 Qe7 16. b4 dxc4 17. Nf4 b5 18. h4 Rfe8 19. Rfd1 Qxh4 20. g3 Nxg3 21.
fxg3 Qxg3+ 22. Ng2 c5 23. Bf1 Bxg2 24. Bxg2 Qxe3+ 25. Qf2 Qxf2+ 26. Kxf2 Rad8
27. bxc5 Rxd1 28. Rxd1 Rc8 29. c6 g5 30. Rd7 c3 31. Ke1 c2 32. Kd2 Kf8 33. c7
Ke8 34. Rxh7 f4 35. Bc6+ Kf8 36. Rh8+ {#r} 1-0

[Event "Hampstead U2200 Open Aug 2013"]
[Site "Hampstead"]
[Date "2013.08.25"]
[Round "4"]
[White "Shaw, Dashiell L"]
[Black "Murphy, Conor"]
[Result "1/2-1/2"]
[WhiteElo "1927"]
[BlackElo "1972"]
[EventRounds "6"]

1. e4 c5 2. Nf3 Nc6 3. d4 cxd4 4. Nxd4 e6 5. Nxc6 bxc6 6. Bd3 Nf6 7. O-O Be7
8. Nd2 O-O 9. b3 e5 10. Bb2 d6 11. h3 Nd7 12. c4 Nc5 13. Bc2 f5 14. b4 Na6 15.
b5 cxb5 16. cxb5 Nc5 17. exf5 Bxf5 18. Bxf5 Rxf5 19. Nc4 e4 20. Ne3 Rf7 21.
Qd5 Nd3 22. Bd4 Nf4 23. Qxe4 Ne2+ 24. Kh1 Nxd4 25. Qxd4 Bf6 26. Qd5 Bxa1 27.
Rxa1 Rb8 28. Nc4 Qf6 29. Rd1 Kh8 30. f3 Qf5 31. Qxf5 Rxf5 32. Nxd6 Rc5 33. a4
Kg8 34. Ne4 Rc4 35. Ra1 a6 {#d} 1/2-1/2

[Event "Hampstead U2200 Open Aug 2013"]
[Site "Hampstead"]
[Date "2013.08.25"]
[Round "4"]
[White "French, Angus"]
[Black "Kalavannan, Koby"]
[Result "1-0"]
[WhiteElo "2003"]
[BlackElo "1758"]
[EventRounds "6"]

1. e4 c5 2. c3 d5 3. exd5 Qxd5 4. d4 Nf6 5. Nf3 e6 6. Na3 Nc6 7. Nb5 Qd8 8.
dxc5 Bxc5 9. Qxd8+ Kxd8 10. Bg5 a6 11. O-O-O+ Ke7 12. Nbd4 Bd7 13. Nxc6+ Bxc6
14. Nd4 Bxd4 15. Rxd4 h6 16. Bf4 Rad8 17. Be5 Rxd4 18. Bxd4 Rd8 19. Rg1 Kf8
20. Be2 Nd5 21. Bf3 Nf4 22. Bc5+ Kg8 23. Bxc6 Ne2+ 24. Kc2 Nxg1 25. Bxb7 Ne2
26. Bxa6 Nf4 27. g3 Ng2 28. b4 Ne1+ 29. Kb3 Nf3 30. a4 Nd2+ 31. Kc2 Ne4 32.
Be3 Nf6 33. a5 Nd5 34. Bb7 Ne7 35. Bb6 Re8 36. a6 Nc8 37. Bc5 f5 38. b5 Kf7
39. b6 g5 40. a7 Nxa7 41. bxa7 e5 42. Bd6 e4 43. Bb8 e3 44. fxe3 Rxe3 45. a8=Q
Re2+ 46. Kb3 Rxh2 47. Bd5+ Kg6 48. Qc6+ Kh5 49. Bf3+ g4 50. Qe8+ Kg5 51. Bf4+
Kf6 52. Qe5+ Kg6 53. Qe6+ Kg7 54. Be5+ Kf8 55. Qf6+ Ke8 56. Bc6# 1-0

[Event "Hampstead U2200 Open Aug 2013"]
[Site "Hampstead"]
[Date "2013.08.25"]
[Round "4"]
[White "Verma, Aditya"]
[Black "Galan Fernandez, Felix"]
[Result "1/2-1/2"]
[WhiteElo "1625"]
[BlackElo "2000"]
[EventRounds "6"]

1. e4 c5 2. Nc3 Nc6 3. Bb5 e6 4. Bxc6 bxc6 5. d3 d5 6. f4 d4 7. Nce2 Nf6 8.
Nf3 Be7 9. b3 O-O 10. O-O a5 11. Bd2 a4 12. Qe1 Bb7 13. Qg3 Re8 14. Ne5 Nd7
15. Nxd7 Qxd7 16. f5 exf5 17. Rxf5 axb3 18. cxb3 Bd6 19. Qf3 f6 20. Qf2 Qf7
21. Rf3 Bc8 22. Qh4 Re5 23. Bf4 Rh5 24. Qg3 Bxf4 25. Qxf4 Be6 26. Nc1 Rh6 27.
Qd6 Bg4 28. Rf2 f5 29. Qxc5 f4 30. Qg5 Qe6 31. Qxf4 Rf6 32. Qd2 Raf8 33. Rxf6
Qxf6 34. Qe1 Qf4 35. a4 h5 36. Ra2 Qg5 37. Rf2 Rb8 38. Qd2 Qe7 39. Qc2 Qd6
{#d} 1/2-1/2

[Event "Hampstead U2200 Open Aug 2013"]
[Site "Hampstead"]
[Date "2013.08.25"]
[Round "4"]
[White "Thynne, Trefor F"]
[Black "Pietrzak, Tomasz"]
[Result "1/2-1/2"]
[WhiteElo "1970"]
[BlackElo "1935"]
[EventRounds "6"]

1. d4 d5 2. c4 e6 3. Nc3 c5 4. cxd5 exd5 5. Nf3 Nc6 6. g3 Nf6 7. Bg2 Be7 8.
O-O O-O 9. Bg5 cxd4 10. Nxd4 h6 11. Be3 Re8 12. h3 Bd6 13. Qd2 Ne5 14. b3 Bb4
15. Qb2 Bd7 16. a3 Bc5 17. Rfd1 Qe7 18. Kh2 Rad8 19. Nc2 {#d} 1/2-1/2

[Event "Hampstead U2200 Open Aug 2013"]
[Site "Hampstead"]
[Date "2013.08.25"]
[Round "4"]
[White "Kahn, Tito"]
[Black "Giles, Yasmin"]
[Result "0-1"]
[WhiteElo "2020"]
[BlackElo "1882"]
[EventRounds "6"]

1. d4 d5 2. Nf3 Nf6 3. Bf4 Bf5 4. e3 e6 5. Be2 Bd6 6. Bxd6 Qxd6 7. Nbd2 Nbd7
8. Nh4 Be4 9. f3 Bg6 10. Nxg6 hxg6 11. f4 O-O-O 12. c3 Rh7 13. Bd3 Rdh8 14. h3
Rh6 15. Qf3 Rh4 16. O-O-O a6 17. Kb1 Kb8 18. Rhf1 Qb6 19. Rc1 c5 20. Qf2 R4h7
21. Qg3 Ka7 22. Nf3 Rb8 23. Ne5 Qc7 24. Qf3 Nb6 25. Rh1 Nc8 26. Ng4 Nd6 27.
Nxf6 gxf6 28. e4 dxe4 29. Bxe4 Nxe4 30. Qxe4 Rh4 31. g3 Rh5 32. h4 Rd8 33.
dxc5 Qxc5 34. Rce1 Rhd5 35. Qe3 Rd1+ 36. Kc2 Qxe3 37. Rxd1 Rxd1 {#R} 0-1

[Event "Hampstead U2200 Open Aug 2013"]
[Site "Hampstead"]
[Date "2013.08.25"]
[Round "4"]
[White "Levene, Joseph"]
[Black "White, David J"]
[Result "0-1"]
[WhiteElo "1729"]
[BlackElo "1941"]
[EventRounds "6"]

1. e4 c5 2. Nc3 Nc6 3. f4 g6 4. Nf3 Bg7 5. Bb5 e6 6. Bxc6 bxc6 7. e5 Ne7 8.
Ne4 O-O 9. Nxc5 Nd5 10. d4 f6 11. O-O a5 12. c4 Nb4 13. a3 Na6 14. Ne4 d5 15.
Nd6 Nc7 16. Qa4 Bd7 17. c5 Nb5 18. Bd2 Qc7 19. Qc2 Rfb8 20. Rfb1 Qd8 21. a4
Nxd6 22. cxd6 Qb6 23. b4 fxe5 24. bxa5 Qa7 25. fxe5 Bxe5 26. Nxe5 Qxd4+ 27.
Kh1 Qxe5 28. Qc5 Rxb1+ 29. Rxb1 Qf5 30. Rb7 e5 31. h3 Rf8 32. Qa7 Rd8 33. Bh6
Kf7 34. Rb8 Rxb8 35. Qxb8 Ke6 36. Kh2 e4 37. a6 Qe5+ 38. g3 Qd4 39. Qg8+ Kxd6
40. Bf4+ Kc5 41. a7 Qf2+ 42. Kh1 Qf1+ 43. Kh2 Bxh3 44. Be3+ Kc4 {#R} 0-1

[Event "Hampstead U2200 Open Aug 2013"]
[Site "Hampstead"]
[Date "2013.08.25"]
[Round "4"]
[White "Landau, Jonathan"]
[Black "Nayak, Raghav"]
[Result "1-0"]
[WhiteElo "1924"]
[BlackElo "1693"]
[EventRounds "6"]

1. e4 c5 2. Nf3 e6 3. d4 cxd4 4. Nxd4 Nc6 5. Nb5 d6 6. Bf4 e5 7. Be3 a6 8.
N5c3 Nf6 9. Nd5 Nxd5 10. exd5 Ne7 11. c4 Nf5 12. Bd2 Be7 13. Bd3 Qc7 14. O-O
h6 15. Nc3 O-O 16. Re1 Rb8 17. Rc1 Bd7 18. Ne2 Rfc8 19. Qc2 g6 20. Ng3 Nxg3
21. Bxg6 fxg6 22. Qxg6+ Kh8 23. Qxh6+ Kg8 24. Qg6+ Kh8 25. hxg3 Qd8 26. Qh5+
Kg8 27. Qg6+ Kh8 28. f4 Qg8 29. Qh6+ Qh7 30. Qxh7+ Kxh7 31. fxe5 dxe5 32. Rxe5
Bf6 33. Rh5+ Kg8 34. Rf1 Bxb2 35. Rg5+ Kh8 36. Rf4 Bf5 37. Rgxf5 Rg8 38. Rh5+
Kg7 39. Rg5+ {#r} 1-0

[Event "Hampstead U2200 Open Aug 2013"]
[Site "Hampstead"]
[Date "2013.08.25"]
[Round "4"]
[White "Wei, Naomi"]
[Black "Barasi, Paul"]
[Result "0-1"]
[WhiteElo "1759"]
[BlackElo "1914"]
[EventRounds "6"]

1. d4 d5 2. c4 Nc6 3. Nf3 Bg4 4. Nc3 e6 5. Bf4 Bxf3 6. gxf3 dxc4 7. e3 Bd6 8.
Bg3 Nge7 9. Bxc4 O-O 10. Qd2 a6 11. a4 Bb4 12. Bd3 Nd5 13. O-O-O b5 14. Qc2 f5
15. axb5 axb5 16. Bxb5 Bxc3 17. bxc3 Ra3 18. Kd2 Rxc3 19. Qb2 f4 20. Bxf4 Nxd4
21. exd4 Rxf4 22. Ke1 Rcxf3 23. Rd2 Qa8 24. Bd7 Re4+ 25. Re2 Rxe2+ 26. Qxe2
Nf4 27. Bxe6+ Kf8 28. Qa2 Ra3 29. Qc4 Qe4+ 30. Kd2 Rd3+ 31. Kc1 Rc3+ 32. Qxc3
Ne2+ 33. Kb2 Nxc3 34. Kxc3 Qxh1 {#R} 0-1

[Event "Hampstead U2200 Open Aug 2013"]
[Site "Hampstead"]
[Date "2013.08.25"]
[Round "4"]
[White "Jain, Gautam"]
[Black "Bryant, Jonathan"]
[Result "1/2-1/2"]
[WhiteElo "1661"]
[BlackElo "1911"]
[EventRounds "6"]

1. e4 e5 2. Nf3 Nc6 3. Bb5 Nf6 4. O-O Nxe4 5. d4 Nd6 6. Bxc6 dxc6 7. dxe5 Nf5
8. Qxd8+ Kxd8 9. Nc3 Ke8 10. Bd2 Be7 11. Rfe1 Be6 12. Rad1 Rd8 13. Bg5 Bxg5
14. Nxg5 Ke7 15. Nxe6 Kxe6 16. f4 Nd4 17. Ne4 b6 18. Rd2 h6 19. Kf2 c5 20.
Red1 Kf5 21. Ng3+ Kxf4 22. c3 Ne6 23. Rxd8 Rxd8 24. Rxd8 Nxd8 25. Nh5+ Kxe5
26. Nxg7 Ne6 27. Nxe6 Kxe6 28. Ke3 Ke5 29. g4 f5 30. gxf5 Kxf5 31. h3 c4 32.
Kf3 Kg5 33. Kg3 h5 34. Kf3 Kh4 35. Kg2 a5 36. Kh2 b5 37. Kg2 b4 38. a4 bxa3
39. bxa3 a4 40. Kh2 Kg5 41. Kg3 Kf5 42. Kf3 Kg5 43. Kg3 Kf5 44. Kf3 c6 45. Ke3
Kg5 46. Kf3 Kh4 47. Kg2 Kg5 48. Kf3 Kf5 49. Ke3 Kg5 50. Kf3 Kf5 51. Ke3 Ke5
{#d} 1/2-1/2

[Event "Hampstead U2200 Open Aug 2013"]
[Site "Hampstead"]
[Date "2013.08.25"]
[Round "4"]
[White "Millward, David J"]
[Black "Sagues, Vincent"]
[Result "1/2-1/2"]
[WhiteElo "1958"]
[BlackElo "1919"]
[EventRounds "6"]

1. e4 e6 2. d4 d5 3. Nd2 Nf6 4. e5 Nfd7 5. f4 c5 6. c3 Nc6 7. Ndf3 f6 8. Ne2
Qa5 9. Bd2 Qb6 10. Qb3 Qxb3 11. axb3 cxd4 12. Nexd4 Nc5 13. exf6 gxf6 14. b4
Nxd4 15. Nxd4 Ne4 16. Bb5+ Kf7 17. Be3 Nd6 18. O-O Be7 19. Be2 Bd7 20. Bh5+
Kg7 21. Rf3 Ne4 22. f5 e5 23. Ne6+ Bxe6 24. fxe6 Rhd8 25. Raf1 Rac8 26. Rh3 h6
27. Bg4 Ng5 28. Bxg5 hxg5 29. Bf5 Rh8 30. Rd3 Rcd8 {#d} 1/2-1/2

[Event "Hampstead U2200 Open Aug 2013"]
[Site "Hampstead"]
[Date "2013.08.26"]
[Round "5"]
[White "Craft, Isaac"]
[Black "Horton, Justin"]
[Result "0-1"]
[WhiteElo "2010"]
[BlackElo "2090"]
[EventRounds "6"]

1. d4 Nf6 2. c4 g6 3. Nc3 Bg7 4. e4 d6 5. h3 O-O 6. Be3 e5 7. d5 Nbd7 8. Qc2
a5 9. Be2 Nc5 10. Bxc5 dxc5 11. O-O-O Ne8 12. Nf3 Nd6 13. Bd3 Bd7 14. Qd2 Qe7
15. Qe3 b6 16. a4 Rae8 17. b3 f5 18. Nd2 Rf7 19. f3 Ref8 20. Nb5 Bxb5 21. cxb5
fxe4 22. Nxe4 Rf4 23. Kb2 Nf5 24. Qe1 Nd6 25. Qg3 c4 26. Nxd6 Qxd6 27. Bxc4
Rxc4 {#R} 0-1

[Event "Hampstead U2200 Open Aug 2013"]
[Site "Hampstead"]
[Date "2013.08.26"]
[Round "5"]
[White "Prior, Stephen"]
[Black "Villiers, Thomas"]
[Result "0-1"]
[WhiteElo "2006"]
[BlackElo "1985"]
[EventRounds "6"]

1. e4 d5 2. exd5 Qxd5 3. Nf3 Bg4 4. Be2 Nc6 5. d3 O-O-O 6. Be3 e5 7. Nbd2 f5
8. h3 Bh5 9. g4 fxg4 10. hxg4 Bxg4 11. Ne4 Nf6 12. Nfg5 Bxe2 13. Qxe2 h6 14.
Nh3 Nxe4 15. Qg4+ Kb8 16. Qxe4 Qxe4 17. dxe4 Nb4 18. Ke2 Nxc2 19. Rac1 Nxe3
20. Kxe3 Be7 21. f4 exf4+ 22. Kxf4 Rhf8+ 23. Kg4 Rd2 24. Nf4 Bd6 25. Rhf1 Bxf4
26. Rxf4 h5+ {#R} 0-1

[Event "Hampstead U2200 Open Aug 2013"]
[Site "Hampstead"]
[Date "2013.08.26"]
[Round "5"]
[White "Doci, Stefan"]
[Black "Sucikova, Svetlana"]
[Result "1-0"]
[WhiteElo "2076"]
[BlackElo "1962"]
[EventRounds "6"]

1. d4 d5 2. Nf3 Nf6 3. c4 c6 4. e3 Bf5 5. Nc3 e6 6. Qb3 Qc7 7. Be2 Nbd7 8. Bd2
Be7 9. Nh4 Bg6 10. Nxg6 hxg6 11. h3 dxc4 12. Bxc4 Nb6 13. Be2 Nbd5 14. Bf3 Qb6
15. Qc2 Rd8 16. a3 Rd7 17. Na4 Qc7 18. Nc5 Bxc5 19. Qxc5 Qb6 20. Qc2 Qb5 21.
Be2 Qb6 22. O-O O-O 23. e4 Ne7 24. Be3 Qc7 25. f4 Rfd8 26. Rac1 Ne8 27. b4 Qb8
28. a4 Nc7 29. b5 cxb5 30. axb5 a6 31. bxa6 Nxa6 32. Rb1 Qd6 33. Qa4 Rc7 34.
f5 Rc3 35. Bf4 Qd7 36. Bb5 Qc8 37. fxg6 Nxg6 38. Bd2 Rc2 39. Rf2 Rd6 40. Bd3
Rcc6 41. Rbf1 Nc5 42. Qa3 Nxd3 43. Qxd3 Rd7 44. Qg3 Qc7 45. e5 Rc2 46. h4 Nh8
47. Bh6 g6 48. Qf4 Rxf2 49. Rxf2 Qd8 50. Bg5 Qf8 51. Bf6 Kh7 52. h5 Qh6 53.
Qxh6+ Kxh6 54. Bxh8 Kxh5 55. Bg7 Rxd4 56. Rxf7 b5 57. Re7 b4 58. Rxe6 Rd7 59.
Bf8 Rb7 60. Rc6 b3 61. Rc1 Kg5 62. e6 Kf6 63. e7 Kf7 64. Rc8 Rxe7 65. Bxe7 b2
66. Rb8 {#r} 1-0

[Event "Hampstead U2200 Open Aug 2013"]
[Site "Hampstead"]
[Date "2013.08.26"]
[Round "5"]
[White "Giles, Yasmin"]
[Black "French, Angus"]
[Result "1-0"]
[WhiteElo "1882"]
[BlackElo "2003"]
[EventRounds "6"]

1. e4 Nf6 2. e5 Nd5 3. d4 d6 4. Nf3 Bg4 5. Be2 c6 6. O-O Bxf3 7. Bxf3 dxe5 8.
dxe5 e6 9. Qe2 Nd7 10. Bxd5 cxd5 11. c3 h6 12. Nd2 Qc7 13. f4 O-O-O 14. Nb3
Qc4 15. Qf2 b6 16. Be3 g6 17. Nd4 Kb7 18. a4 Nc5 19. a5 Ne4 20. Qc2 b5 21. a6+
Ka8 22. Rfc1 Bc5 23. b3 Bxd4 24. bxc4 Bxe3+ 25. Kf1 Bxc1 26. Rxc1 bxc4 27. Qa4
Rc8 28. Qd7 Nc5 29. Qxf7 Rhf8 30. Qe7 Rfe8 31. Qh7 g5 32. Rb1 Rb8 33. Rxb8+
Kxb8 34. Qf7 Rc8 35. f5 Nxa6 36. Qxe6 Nc7 37. Qd6 d4 38. Qxd4 Nb5 39. Qe3 Kb7
40. e6 a5 41. e7 Nd6 42. Qe5 {#r} 1-0

[Event "Hampstead U2200 Open Aug 2013"]
[Site "Hampstead"]
[Date "2013.08.26"]
[Round "5"]
[White "Murphy, Conor"]
[Black "Mondal, Prince"]
[Result "1-0"]
[WhiteElo "1972"]
[BlackElo "1933"]
[EventRounds "6"]

1. Nf3 Nf6 2. g3 g6 3. Bg2 Bg7 4. O-O c5 5. c4 Nc6 6. Nc3 O-O 7. d3 d6 8. Rb1
e5 9. a3 Rb8 10. Ne1 Bd7 11. Nc2 Ne8 12. e4 Qc8 13. b4 Bh3 14. Nd5 Bxg2 15.
Kxg2 Qd7 16. f4 Nc7 17. f5 Nxd5 18. cxd5 Nd4 19. f6 Bh8 20. Ne3 Rfc8 21. b5
Nxb5 22. Nf5 Kf8 23. Bh6+ Ke8 24. Ng7+ Kd8 25. Ne6+ fxe6 26. f7 Ke7 27. dxe6
Qxe6 28. Rxb5 Bf6 29. f8=Q+ Rxf8 30. Bxf8+ Kxf8 31. Qb3 Qxb3 32. Rxb3 Kg7 33.
Kf3 b6 34. Ke2 Rf8 35. Rbb1 Kf7 36. Rf3 Ke8 37. a4 Bd8 38. Rxf8+ Kxf8 39. Kd2
Ke7 40. Kc3 a6 41. Rf1 b5 42. axb5 axb5 43. Rb1 b4+ 44. Kc4 Ke6 45. Ra1 h5 46.
Ra7 Be7 47. Rb7 Bf6 48. Rh7 Be7 49. Rh8 Bf6 50. Ra8 Be7 51. Ra2 Bf6 52. Rg2 g5
53. Rf2 Be7 54. h3 Bf6 55. Ra2 Be7 56. Ra8 Bf6 57. Rb8 Be7 58. Rh8 h4 59. gxh4
gxh4 60. Rh5 Bf6 61. Rf5 Be7 62. Rf2 Bf6 63. Kb5 Be7 64. Kc6 Bf6 65. Ra2 Bg5
66. Ra7 Be7 67. Rd7 Bf8 68. Rd8 Be7 69. Re8 Kf7 70. Kd7 Bf8 71. Ra8 Be7 72.
Ra1 Bf8 73. Rf1+ Kg8 74. Rf2 d5 75. exd5 e4 76. dxe4 Bg7 77. Kc6 b3 78. Kxc5
b2 79. Rf1 Bf6 80. Kc4 Be5 81. Kb3 Kg7 82. Rb1 Kf6 83. Rxb2 Bxb2 84. Kxb2 Ke5
85. Kc3 Kxe4 86. d6 Kf3 87. d7 Kg3 88. d8=Q Kxh3 89. Qg5 {#r} 1-0

[Event "Hampstead U2200 Open Aug 2013"]
[Site "Hampstead"]
[Date "2013.08.26"]
[Round "5"]
[White "Kalerwa, Edwin"]
[Black "Shaw, Dashiell L"]
[Result "1/2-1/2"]
[WhiteElo "1782"]
[BlackElo "1927"]
[EventRounds "6"]

1. c4 g6 2. Nc3 Bg7 3. d4 Nf6 4. e4 O-O 5. Bd3 d6 6. Nge2 e5 7. d5 Na6 8. O-O
Nc5 9. b4 Nxd3 10. Qxd3 a5 11. b5 Nd7 12. Be3 f5 13. f3 b6 14. Rab1 Nf6 15.
Bg5 f4 16. Bxf6 Rxf6 17. Kh1 g5 18. g3 h5 19. gxf4 gxf4 20. Rg1 Rh6 21. Qd2
Bh3 22. Nd1 Qh4 23. Qe1 Qxe1 24. Rxe1 Rg6 25. Rg1 Rxg1+ 26. Nxg1 Bd7 27. Rb2
Bf6 28. Rg2+ Kh7 29. Nf2 Bh4 30. Nfh3 Kh6 31. a4 Rf8 32. Re2 Rg8 33. Rg2 Rf8
34. Rc2 Be8 35. Kg2 Be1 36. Kf1 Bh4 37. Rg2 Bd7 38. Rc2 Rg8 39. Rg2 Rxg2 40.
Kxg2 Be1 41. Kf1 {#d} 1/2-1/2

[Event "Hampstead U2200 Open Aug 2013"]
[Site "Hampstead"]
[Date "2013.08.26"]
[Round "5"]
[White "Pietrzak, Tomasz"]
[Black "Heaton, Paul"]
[Result "0-1"]
[WhiteElo "1935"]
[BlackElo "2002"]
[EventRounds "6"]

1. Nf3 c5 2. c4 Nc6 3. Nc3 g6 4. e3 Bg7 5. d4 e6 6. Be2 Nge7 7. d5 Ne5 8. O-O
O-O 9. Ne1 exd5 10. cxd5 d6 11. f4 Nd7 12. a4 f5 13. Nb5 Nf6 14. Bf3 a6 15.
Nc3 b6 16. e4 fxe4 17. Nxe4 Nxe4 18. Bxe4 Nf5 19. Nf3 Nd4 20. Ng5 Bf5 21. Re1
Ra7 22. Kh1 Re7 23. Bd2 Bxe4 24. Nxe4 Rfe8 25. Ng5 Rxe1+ 26. Bxe1 h6 27. Nh3
Qe7 28. Bc3 Qe2 29. Qxe2 Rxe2 30. Kg1 Kf7 31. Re1 b5 32. axb5 axb5 33. Kf1
Rxe1+ 34. Kxe1 b4 35. Bxd4 Bxd4 36. b3 Kf6 37. Ke2 Kf5 38. Kd3 h5 39. Ng5 Kxf4
40. g3+ {#R} 0-1

[Event "Hampstead U2200 Open Aug 2013"]
[Site "Hampstead"]
[Date "2013.08.26"]
[Round "5"]
[White "Galan Fernandez, Felix"]
[Black "Landau, Jonathan"]
[Result "0-1"]
[WhiteElo "2000"]
[BlackElo "1924"]
[EventRounds "6"]

1. e4 e5 2. Nf3 Nc6 3. Bb5 f5 4. d3 fxe4 5. dxe4 Nf6 6. Bg5 Bb4+ 7. c3 Bc5 8.
O-O d6 9. h3 O-O 10. Bc4+ Kh8 11. b4 Bb6 12. a4 a5 13. b5 Ne7 14. Qe2 Qe8 15.
Bxf6 Rxf6 16. Nbd2 Qh5 17. Nh2 Qg6 18. Kh1 Bd7 19. Ndf3 Raf8 20. Rad1 Qh5 21.
Rd3 Ng6 22. g4 Nf4 23. gxh5 Nxe2 24. Nxe5 Be8 25. Neg4 Rf4 26. h6 gxh6 27. Rd2
Nxc3 28. f3 h5 29. Nh6 Nxa4 30. Rg2 Bg6 31. Rd1 Nc5 32. Rd5 Nxe4 33. fxe4 Bxe4
34. Rdg5 Bxg2+ 35. Kxg2 Rxc4 36. Nf3 Be3 37. Rxh5 Bxh6 38. Rxh6 Rc2+ {#R} 0-1

[Event "Hampstead U2200 Open Aug 2013"]
[Site "Hampstead"]
[Date "2013.08.26"]
[Round "5"]
[White "Gupta, Arul"]
[Black "Thynne, Trefor F"]
[Result "1/2-1/2"]
[WhiteElo "1781"]
[BlackElo "1970"]
[EventRounds "6"]

1. e4 c5 2. Nf3 Nc6 3. Bb5 g6 4. O-O Bg7 5. c3 d6 6. d4 cxd4 7. cxd4 Bd7 8.
Nc3 a6 9. Ba4 Nf6 10. Re1 b5 11. Bb3 Bg4 12. Be3 O-O 13. h3 Bxf3 14. Qxf3 Rc8
15. Rad1 Qc7 16. Bf4 b4 17. e5 bxc3 18. exf6 Bxf6 19. bxc3 Na5 20. Rc1 Nxb3
21. axb3 Qb6 22. Rb1 Rc7 23. Bh6 Rfc8 24. Re3 Qa5 25. Rbe1 Qf5 26. Qxf5 gxf5
27. c4 Rb7 28. Ra1 Bxd4 29. Rg3+ Kh8 30. Rxa6 Be5 31. Rf3 e6 32. Rd3 Rcb8 33.
f4 Bg7 34. Bxg7+ Kxg7 35. Raxd6 Rxb3 36. Rxb3 Rxb3 37. Kf2 Rc3 38. Rc6 h5 39.
h4 Kf6 40. g3 Ke7 41. Rc7+ Kf6 42. c5 Rc2+ 43. Kf3 Rc3+ 44. Kg2 Rc2+ 45. Kh3
Rc3 46. Rc8 Kg7 47. c6 Rc2 48. Rc7 Kg6 49. Rc8 Kg7 {#d} 1/2-1/2

[Event "Hampstead U2200 Open Aug 2013"]
[Site "Hampstead"]
[Date "2013.08.26"]
[Round "5"]
[White "White, David J"]
[Black "Verma, Aditya"]
[Result "0-1"]
[WhiteElo "1941"]
[BlackElo "1625"]
[EventRounds "6"]

1. e4 c5 2. c3 d5 3. exd5 Qxd5 4. d4 Nc6 5. Nf3 Bf5 6. Be3 Bxb1 7. Rxb1 cxd4
8. Nxd4 a6 9. Qa4 Qe4 10. Rd1 e5 11. Qc2 Qxc2 12. Nxc2 f5 13. Be2 Nf6 14. f4
e4 15. O-O Be7 16. Bc4 g6 17. Rd2 Kf8 18. Nd4 Nxd4 19. Bxd4 Rd8 20. Rfd1 Kg7
21. g4 Rxd4 22. cxd4 Nxg4 23. Re2 Rd8 24. Kg2 Bd6 25. Rf1 Bc7 26. d5 Bb6 27.
Kg3 Ne3 28. Rc1 Nxd5 29. Rd1 Nxf4 30. Red2 Rxd2 31. Rxd2 Nh5+ 32. Kg2 Nf6 33.
Bd5 Be3 34. Rd1 Nxd5 35. Rxd5 b6 36. Kf1 a5 37. Ke2 Bc5 38. Re5 Kf6 39. Re8
Kg5 40. a3 Kf4 41. Re6 Kg5 42. Re8 h6 43. Re6 Kh5 44. Re5 Bd4 45. Rb5 Kg4 46.
b4 axb4 47. Rxb4 Bc5 48. Rc4 Bxa3 49. Rc6 Kh5 50. Rxb6 g5 51. Rf6 f4 52. Re6
e3 53. h3 Bb2 54. Kf3 Bc3 55. h4 Be1 56. hxg5 hxg5 57. Re8 Bg3 58. Rh8+ Kg6
59. Rg8+ Kh6 60. Re8 Bh4 61. Kg4 Kg6 62. Re6+ Kf7 63. Re4 Kf6 64. Re8 Be1 65.
Re4 Bc3 66. Re8 Be5 67. Rc8 e2 68. Rc1 Bc3 69. Rxc3 e1=Q 70. Rc6+ Ke5 71. Rc5+
Kd6 72. Rxg5 Qg3+ 73. Kf5 Qxg5+ {#R} 0-1

[Event "Hampstead U2200 Open Aug 2013"]
[Site "Hampstead"]
[Date "2013.08.26"]
[Round "5"]
[White "Kalavannan, Koby"]
[Black "Marshall, Michael"]
[Result "1/2-1/2"]
[WhiteElo "1758"]
[BlackElo "1839"]
[EventRounds "6"]

1. d4 Nf6 2. c4 e6 3. Nf3 Bb4+ 4. Bd2 Qe7 5. Nc3 O-O 6. Qc2 d5 7. g3 c5 8. e3
cxd4 9. exd4 Nc6 10. O-O-O Bd7 11. Rg1 Rfc8 12. Bg5 dxc4 13. Ne5 {#d} 1/2-1/2

[Event "Hampstead U2200 Open Aug 2013"]
[Site "Hampstead"]
[Date "2013.08.26"]
[Round "5"]
[White "Barasi, Paul"]
[Black "Bryant, Jonathan"]
[Result "0-1"]
[WhiteElo "1914"]
[BlackElo "1911"]
[EventRounds "6"]

1. d4 e6 2. Nf3 f5 3. d5 exd5 4. Qxd5 d6 5. Nc3 c6 6. Qd4 Qb6 7. Qc4 d5 8.
Nxd5 Qa5+ 9. Nc3 Nf6 10. Bd2 Qb6 11. O-O-O Nbd7 12. Qe6+ Be7 13. Ng5 Rf8 14.
Be3 Qa5 15. Qb3 Ne5 16. Ne6 Bxe6 17. Qxe6 Neg4 18. Bd4 c5 19. e4 a6 20. Qxf5
g6 21. Qg5 O-O-O 22. f3 h6 23. Qxg6 cxd4 24. Nd5 Ne3 25. Nxe7+ Kb8 26. Rd3
Qe1+ {#R} 0-1

[Event "Hampstead U2200 Open Aug 2013"]
[Site "Hampstead"]
[Date "2013.08.26"]
[Round "5"]
[White "Tillett, Matthew"]
[Black "Jain, Gautam"]
[Result "1-0"]
[WhiteElo "1922"]
[BlackElo "1661"]
[EventRounds "6"]

1. e4 e5 2. Nf3 Nc6 3. d4 exd4 4. Bc4 Nf6 5. e5 d5 6. Bb5 Ne4 7. Nxd4 Bd7 8.
Bxc6 bxc6 9. O-O Bc5 10. f3 Ng5 11. f4 Ne6 12. c3 f5 13. Kh1 O-O 14. Be3 Nxd4
15. Bxd4 Be7 16. Qd2 c5 17. Bxc5 Bc6 18. Qd4 Bxc5 19. Qxc5 Qd7 20. Nd2 Rab8
21. b4 Bb5 22. Rf3 c6 23. a4 Ba6 24. Re1 Rfe8 25. Rfe3 Re6 26. Nb3 Rbe8 27.
Nd4 Rh6 28. e6 Qc7 29. Qxc6 Qxc6 30. Nxc6 Bc8 31. Nd4 Rf6 32. g3 Bb7 33. Kg1
Re7 34. Nb3 Ba6 35. b5 Bc8 36. Nc5 Kf8 37. Re5 g6 38. Rxd5 Bxe6 39. Rde5 Kf7
40. Nxe6 Rfxe6 41. Rxe6 Rxe6 42. Rxe6 Kxe6 43. a5 Kd5 44. Kf2 h6 45. h4 g5 46.
hxg5 hxg5 47. fxg5 f4 48. g6 fxg3+ 49. Kxg3 a6 50. b6 Ke4 51. b7 Kf5 52. g7
Kf6 53. g8=Q Ke7 54. Qg6 Kd7 55. b8=R {#r} 1-0